Statistics for Harry Potter Character By Middle Name 2

Click here to take the quiz!

General Stats

  • This quiz has been taken 11 times
  • The average score is 5 of 10

Answer Stats

HintAnswer% Correct
SeverusAlbus
100%
SiriusJames
100%
LunaLily
71%
IgnatiusPercy
57%
OrionSirius
43%
Eugene FlaccusHorace
29%
NevilleHugo
29%
AmeliaRose
29%
PatriciaSybill
14%
ElizabethMyrtle
0%

Score Distribution

Percentile by Number Answered

Percent of People with Each Score

Your Score History

You have not taken this quiz